000 01373cam a2200157 4500500
005 20260208005810.0
041 _afre
042 _adc
100 1 0 _aMerlin-Kajman, Hélène
_eauthor
245 0 0 _aUn nouveau XVIIe siècle
260 _c2005.
500 _a79
520 _aPar son ampleur, par sa liberté de ton et d’inspiration, le roman de Mme d’Épinay Histoire de Madame de Montbrillant est l’égal des chefs-d’œuvre du genre épistolaire : Clarisse Harlowe, La Nouvelle Héloïse ou Les Liaisons dangereuses. D’où vient la relative méconnaissance dont il souffre encore aujourd’hui ? D’influents critiques rousseauistes, certes, se sont ligués contre un ouvrage qui, dans son dernier tiers, présente une version transposée des « affaires de l’Ermitage » défavorable à Rousseau. Mais les réticences de Mme d’Épinay elle-même à assumer le statut de romancière et de femmes de lettres sont également responsables de bien des malentendus : cas très représentatif des censures, génératrices d’inhibitions profondes, auxquelles se heurtait alors l’affirmation d’une auctoritas féminine.
786 0 _nRevue d'histoire littéraire de la France | 105 | 1 | 2005-02-01 | p. 11-36 | 0035-2411
856 4 1 _uhttps://shs.cairn.info/revue-d-histoire-litteraire-de-la-france-2005-1-page-11?lang=fr&redirect-ssocas=7080
999 _c1653836
_d1653836